Cái đẹp, vai trò
Bewaard in:
| Hoofdauteur: | |
|---|---|
| Formaat: | Boek |
| Gepubliceerd in: |
H.
Văn hóa
1976
|
| Onderwerpen: | |
| Tags: |
Voeg label toe
Geen labels, Wees de eerste die dit record labelt!
|
| Thư viện lưu trữ: | Trung tâm Học liệu Lê Vũ Hùng, Trường Đại học Đồng Tháp |
|---|
| LEADER | 00717pam a22002538a 4500 | ||
|---|---|---|---|
| 001 | 00038395 | ||
| 005 | 20171026081025.0 | ||
| 008 | 170515s1976 ||||||Viesd | ||
| 041 | 0 | # | |a Vie |
| 082 | 1 | 4 | |a 701 |b C103Đ |
| 100 | 1 | # | |a Khor, A Xô |
| 245 | 1 | 0 | |a Cái đẹp, vai trò |c A Xô Khor |
| 260 | # | # | |a H. |b Văn hóa |c 1976 |
| 300 | # | # | |c 24 cm |a 127 tr. |
| 653 | # | # | |a Cái đẹp |
| 653 | # | # | |a Hội họa |
| 653 | # | # | |a Âm nhạc |
| 653 | # | # | |a Nghệ thuật |
| 852 | # | # | |b Kho mượn |j KM.0022626 |
| 852 | # | # | |b Kho đọc |j KD.0021878 |
| 852 | # | # | |j KD.0021878 |j KM.0022626 |
| 910 | |d 15/05/2017 | ||
| 980 | # | # | |a Trung tâm Học liệu Lê Vũ Hùng, Trường Đại học Đồng Tháp |